Dalit phobia : (Record no. 93936)

MARC details
000 -LEADER
fixed length control field 00553nam a22001817a 4500
010 ## - LCCN (DPL NO)
LC control number ENG-113222
020 ## - INTERNATIONAL STANDARD BOOK NUMBER
International Standard Book Number 978819766016
Terms of availability 450.00
035 ## - SYSTEM CONTROL NUMBER
System control number EN-96754
037 ## - SOURCE OF ACQUISITION
Source of stock number/acquisition DBAD/PUB
082 ## - DEWEY DECIMAL CLASSIFICATION NUMBER
Classification number 305.568
100 ## - MAIN ENTRY--PERSONAL NAME
Personal name Chandra Bhan Prasad
245 ## - TITLE STATEMENT
Title Dalit phobia :
Statement of responsibility, etc by Chandra Bhan Prasad
Remainder of title why do they hate us /
260 ## - PUBLICATION, DISTRIBUTION, ETC. (IMPRINT)
Place of publication, distribution, etc New Delhi
Name of publisher, distributor, etc Vitasta Publishing
Date of publication, distribution, etc 2013(repr.)
270 ## - ADDRESS
Address 2/15, Ansari Road, Daryaganj
City New Delhi
Postal code 110002
300 ## - PHYSICAL DESCRIPTION
Extent 242p.
Dimensions 22cm(Hb)
500 ## - GENERAL NOTE
General note Includes index
942 ## - ADDED ENTRY ELEMENTS (KOHA)
Source of classification or shelving scheme Dewey Decimal Classification
Item type English Books
Call number suffix CHA
Classification part 305.568
Holdings
Withdrawn status Lost status Not for loan Collection code Home library Current library Date acquired Source of acquisition Cost, normal purchase price Full call number Barcode Copy number Cost, replacement price Koha item type
    Not For Loan Non-fiction D.B.Act.Division D.B.Act.Division 26/05/2015 DBAD/PUB 450.00 305.568 CHA EN-96754 1 450.00 English Books

© Delhi Public Library
Hit Counter
free hit counter